Do Processo de Contra-Ordenaȯ́ Fiscal

Bibliographic Details
Main Author: Leitó, Helder Martins
Format: Unknown
Language:Portuguese
Published: Portugal : Almeida & Leitó, 2007
Subjects:
Online Access:Acceso restringido

MARC

LEADER 00000ny a22000003n 4500
005 2011062208338.0
008 091223s2007 po 000 0 por d
020 |a 9789727491391 
035 |a 1854 
040 |a BUS  |d vLex 
090 |c 1014  |d 1014 
100 1 |a Leitó, Helder Martins 
245 1 0 |a Do Processo de Contra-Ordenaȯ́ Fiscal  |h [Recurso electrn̤ico]  |c Helder Martins Leitó  
256 |a Servicio en ln̕ea 
260 |a Portugal :  |b Almeida & Leitó,  |c 2007 
300 |a p. ;  |c cm 
506 1 |a Contenido solo disponible en los productos indicados  |d vLex Global  |d vLex Global (Academic Edition, excluding Law Schools)  |d vLex Global (U.S. Academic Edition, Law Schools)  |d vLex Global (U.S. Academic Edition, excluding Law Schools)  |d vLex Global (Academic Edition, Law Schools) 
650 0 4 |a Derecho fiscal 
740 0 |a vLex Libros (Servicios en ln̕ea) 
856 4 0 |u http://vlex.com/source/1854  |z Acceso restringido 
942 |c BOOK